[Event "Pardubice op rap 24th"]
[Site "Pardubice"]
[Date "2013.07.18"]
[Round "5"]
[White "Schlosser, Philipp"]
[Black "Skliba, Martin"]
[Result "1-0"]
[WhiteElo "2602"]
[BlackElo "2271"]
[PlyCount "107"]
[EventDate "2013.07.17"]
[EventType "swiss (rapid)"]
[EventRounds "9"]
[EventCountry "CZE"]
[SourceTitle "CBM 155 Extra"]
[Source "ChessBase"]
[SourceDate "2013.08.26"]
[SourceVersion "1"]
[SourceVersionDate "2013.08.26"]
[SourceQuality "1"]

1. Nf3 Nf6 2. c4 c5 3. d4 cxd4 4. Nxd4 g6 5. Nc3 Bg7 6. e4 d6 7. Be2 0-0 8. 0-0 Nc6 9. Be3 Nxd4 10. Bxd4 Bd7 11. b4 Bc6 12. f3 b6 13. Qd2 Rc8 14. Rfd1 Nd7 15. Bxg7 Kxg7 16. Rac1 a5 17. a3 axb4 18. axb4 Ra8 19. Bf1 f5 20. exf5 Rxf5 21. Re1 Qf8 22. Nd5 Bxd5 23. cxd5 Qf6 24. Re6 Qf8 25. Rc7 Qd8 26. Qc3+ Kg8 27. Bb5 Ra3 28. Qxa3 Qxc7 29. Rxe7 Rf7 30. Rxf7 Kxf7 31. Qe3 Nf6 32. Bc6 Qe7 33. Kf2 Qxe3+ 34. Kxe3 Ke7 35. Kd4 Nh5 36. g3 h6 37. Bb7 g5 38. Ke4 Ng7 39. g4 Kf6 40. Bc6 Ke7 41. f4 Kf6 42. h3 gxf4 43. Kxf4 Kg6 44. h4 h5 45. g5 Kf7 46. Bd7 Ke7 47. Bf5 Kf7 48. Be4 Ke7 49. Ke3 Kf7 50. Kd4 Ne8 51. Bf3 Kg6 52. Be2 Nc7 53. Kc4 Ne8 54. Kb5 1-0

[Event "Pardubice op rap 24th"]
[Site "Pardubice"]
[Date "2013.07.18"]
[Round "6"]
[White "Skliba, Martin"]
[Black "Borkovec, Milan"]
[Result "1-0"]
[WhiteElo "2271"]
[BlackElo "2188"]
[PlyCount "49"]
[EventDate "2013.07.17"]
[EventType "swiss (rapid)"]
[EventRounds "9"]
[EventCountry "CZE"]
[SourceTitle "CBM 155 Extra"]
[Source "ChessBase"]
[SourceDate "2013.08.26"]
[SourceVersion "1"]
[SourceVersionDate "2013.08.26"]
[SourceQuality "1"]

1. d4 Nf6 2. c4 c5 3. d5 e6 4. Nc3 exd5 5. cxd5 d6 6. e4 g6 7. h3 Bg7 8. Bd3 0-0 9. Nf3 Nbd7 10. 0-0 Nh5 11. Re1 Ne5 12. Be2 Nxf3+ 13. Bxf3 Qh4 14. Bxh5 Qxh5 15. Qxh5 gxh5 16. Bf4 Rd8 17. Rad1 a6 18. a4 Bd4 19. e5 dxe5 20. Bxe5 Bxc3 21. Bxc3 Bf5 22. Re5 Bg6 23. d6 Rac8 24. d7 Rc7 25. Re8+ 1-0

[Event "CZE-chT2E 1213"]
[Site "Czech Republic"]
[Date "2013.03.24"]
[Round "11.5"]
[White "Skliba, Martin"]
[Black "Mayer, Josef"]
[Result "1-0"]
[WhiteElo "2263"]
[BlackElo "2077"]
[PlyCount "65"]
[EventDate "2012.10.14"]
[EventType "team-tourn"]
[EventRounds "11"]
[EventCountry "CZE"]
[SourceTitle "EXT 2016"]
[Source "ChessBase"]
[SourceDate "2015.10.08"]
[SourceVersion "1"]
[SourceVersionDate "2015.10.08"]
[SourceQuality "1"]
[WhiteTeam "Brno Lokomotiva"]
[BlackTeam "Prusanky Podluzan"]
[WhiteTeamCountry "CZE"]
[BlackTeamCountry "CZE"]

1. d4 Nf6 2. c4 g6 3. Nc3 Bg7 4. e4 d6 5. Nf3 0-0 6. h3 e5 7. d5 Na6 8. Bg5 Qe8 9. g4 Bd7 10. Be2 Kh8 11. Nd2 Ng8 12. a3 f6 13. Be3 Bh6 14. Bxh6 Nxh6 15. b4 Qe7 16. h4 Kg7 17. Nb3 Rad8 18. f3 f5 19. g5 Ng8 20. Qd2 fxe4 21. Nxe4 Rf4 22. Qe3 b6 23. c5 Nb8 24. Rc1 Bc8 25. cxd6 cxd6 26. h5 Bb7 27. hxg6 hxg6 28. Rd1 Qf7 29. Nxd6 Qe7 30. Nxb7 Rd7 31. N7c5 bxc5 32. Nxc5 Rd8 33. Ne6+ 1-0